000 00287 a2200109 4500
001 ART_18488
005 20260410161702.0
008 260409a
245 1 0 _aData fiscal
100 1 _aFerraro, Ricardo H.
773 0 _tRevista Impuestos
_g- NÂș 10 (oct. 2012)
_wREV639
999 _c15271
_d15271